Statistics for Ancient Cities Chain Quiz

Click here to take the quiz!

General Stats

  • This quiz has been taken 21 times
  • The average score is 11 of 30

Answer Stats

HintAnswer% Correct
City founded in 753 BC, supposedly by two brothersRome
76%
City founded on the site of the Egyptian city RhacotisAlexandria
71%
City-state that lead the Delian LeagueAthens
65%
Ancient Greek city on an island of the same name, home to one of the Seven Wonders of the Ancient WorldRhodes
65%
Two-letter Sumerian city with a well-preserved zigguratUr
65%
One of the cities of the Philistine Pentapolis, and in modern times the largest city in PalestineGaza
59%
Important Phoenician city that may have been the oldestSidon
59%
The dominant city of the Peloponnesian LeagueSparta
59%
One of the oldest cities in the world, and one of the capitals of the Umayyad CaliphateDamascus
53%
One of the Four Great Ancient Capitals of ChinaNanjing
53%
Capital of the Seleucid Empire between 240 and 63 BC and later known as "the cradle of Christianity"Antioch
47%
Ancient city in Ethiopia known for its obelisksAxum
47%
One of the capitals of the Neo-Assyrian EmpireNineveh
47%
One of the main cities of the Sogdians, and later the first capital of the Timurid EmpireSamarkand
47%
The first capital of AssyriaAššur
41%
Capital of Elam, and one of the capitals of the Achaemenid EmpireSusa
41%
Sumerian city that is thought to have been the largest city in the world in around 3100 BCUruk
35%
Political centre of the Minoan civilisationKnossos
29%
Indus Valley city which contains a building known as the "Great Granary"Mohenjo-daro
29%
Ancient Greek city once located on the site of a modern Ukrainian cityOdessos
29%
Capital of the Hittite EmpireHattusa
24%
The hill on which this Middle Eastern city's citadel sits has been inhabited since at least the middle of the 3rd millennium BCAleppo
18%
City in Roman Libya that was the birthplace of Septimius SeverusLeptis Magna
18%
The Romans fought the Carthaginians and the Sardinians near this city in Sardinia during the First Punic WarOlbia
12%
Capital of LydiaSardis
12%
City near Lake Titicaca that was the capital of a civilisation located in modern Bolivia, Chile and PeruTiwanaku
12%
This Greek city-state was ruled by Pheidon in the 7th century, and during his reign the city was at its most powerfulArgos
6%
Egyptian city home to a temple built during the Ptolemaic period, dedicated to HorusEdfu
6%
City in Upper Mesopotamia that was also known as Carrhae, and was one of the capital of both the Neo-Assyrian Empire and the Umayyad CaliphateHarran
6%
Ancient Egyptian city also known as Crocodilopolis, and now known as FaiyumShedet
0%

Score Distribution

Percentile by Number Answered

Percent of People with Each Score

Your Score History

You have not taken this quiz